banner-ar

جيل الشباب فى الوطن العربى ووسائل المشاركة غير التقليدية من المجال الافتراضى الى الثورة / (Record no. 62191)

MARC details
000 -الفاتح
حقل البيانات ثابتة الطول 01104nam a22002537a 4500
005 - وقت وتاريخ اخر تعامل مع التسجيلة
رقم الضبط 20240530110538.0
008 - عناصر البيانات ثابتة الطول - معلومات عامة
حقل البيانات ثابتة الطول 160120s2013 ua a g b 001 0 ara d
020 ## - الرقم الدولى المعيارى للكتب
الرقم الدولى المعيارى للكتاب 9789953825977
040 ## - مصدر الفهرسة
وكالة الفهرسة الأصلية EG-CaGPL
082 04 - رقم تصنيف ديوى العشرى
رقم الطبعة 21
رقم التصنيف 323.443\
رقم المادة أ ج
245 00 - بيان العنوان
العنوان جيل الشباب فى الوطن العربى ووسائل المشاركة غير التقليدية من المجال الافتراضى الى الثورة /
بيان المسئوليه,etc احمد الساري ( و اخ ... ) ؛ اشراف : محمد العجاتى .
250 ## - بيان الطبعة
بيان الطبعة ط1.
260 ## - PUBLICATION, DISTRIBUTION, ETC. (IMPRINT)
تاريخ النشر أو التوزيع 2013 .
300 ## - الوصف المادى
التعداد 287 ص ؛
أبعاد الوعاء 24 سم .
504 ## - تبصرة ببليوجرافية
تبصرة ببليوجرافية,الخ ببليوجرافية : ص 277 - 287
650 04 - المدخل الاضافى بالموضوع-مصطلح موضوعى
مصطلح موضوعي الشباب
التقسيم الفرعي الجغرافي العالم العربى .
650 04 - المدخل الاضافى بالموضوع-مصطلح موضوعى
مصطلح موضوعي الانترنت
التقسيم الفرعي الجغرافي العالم العربى .
650 04 - المدخل الاضافى بالموضوع-مصطلح موضوعى
مصطلح موضوعي المشاركة السياسية
التقسيم الفرعي الجغرافي العالم العربى .
651 04 - المدخل الاضافى بالموضوع - اسم جغرافى
الاسم الجغرافي المغرب
التقسيم الفرعي العام تاريخ
-- حركة 20 فبراير .
700 0# - المدخل الاضافى - اسم شخصى
الإسم الشخصى احمد السارى .
700 0# - المدخل الاضافى - اسم شخصى
الإسم الشخصى محمد العجاتى
الدور مشرف .
942 ## - عناصر المدخل الإضافي( كوها)
مصدر التصنيف او مخطط الترفيف Dewey Decimal Classification
Koha [default] item type كتاب
260 ## - PUBLICATION, DISTRIBUTION, ETC. (IMPRINT)
-- بيروت :
-- مركز دراسات الوحدة العربية ،
Holdings
حالة التراجع حالة الفقد حالة تلف ليس للاعارة المكان المؤقت الموقع الحالى تاريخ الاكتساب اجمالي اﻻعارات رقم الطلب الباركود تاريخ اخر مشاهدة تاريخ تفعيل السعر نوع وعاء كوها
        مكتبة القاهرة الكبرى مكتبة القاهرة الكبرى 04/17/2016   323.443\ أ ج 161847 04/17/2016 04/17/2016 كتاب

Powered By

EGPV